| 000 | 00507nam a22001457a 4500 | ||
|---|---|---|---|
| 005 | 20260420103443.0 | ||
| 008 | 260420b |||||||| |||| 00| 0 eng d | ||
| 050 | _aRES LB 2831 .58 .T494 2017 | ||
| 100 | _aTHENYA GEORGINA KERUBO | ||
| 245 |
_aAN EVALUATION OF THE EFFECTS OF MANPOWERDEVELOPMENT ON EMPLOYEES PERFORMANCE IN PRIVATE SECTOR _bA SURVEY OF PRIVATE SCHOOLS IN KENYA. |
||
| 260 |
_aKISII _bKISII UNIVERSIY _c2017 |
||
| 300 | _aXVi, 38p;ILL | ||
| 500 | _aINCLUDESD REFERENCES | ||
| 942 |
_2lcc _cREF |
||
| 999 |
_c217003 _d217003 |
||